[Event "XXVIIIe Open de Metz - A"]
[Site "Complexe Saint-Symphorien"]
[Date "2010.04.15"]
[Round "8.8"]
[White "Zinchenko, Yaroslav"]
[Black "Brodsky, Michail"]
[Result "1/2-1/2"]
[WhiteElo "2546"]
[BlackElo "2527"]
[Annotator "Remi"]
[PlyCount "47"]
[EventDate "2010.04.10"]

1. e4 c5 2. Nf3 d6 3. d4 cxd4 4. Nxd4 Nf6 5. Nc3 a6 6. Be3 e6 7. g4 e5 8. Nf5
g6 9. g5 gxf5 10. exf5 d5 11. Qf3 Ne4 12. Nxe4 dxe4 13. Qxe4 Nc6 14. Bc4 Qd7
15. g6 fxg6 16. fxg6 Qf5 17. Bf7+ Ke7 18. Bc5+ Kf6 19. Qh4+ Kg7 20. Bxf8+ Rxf8
21. Qxh7+ Kf6 22. Qh4+ Kg7 23. Qh7+ Kf6 24. Qh4+ 1/2-1/2

[Event "XXVIIIe Open de Metz - A"]
[Site "Complexe Saint-Symphorien"]
[Date "2010.04.15"]
[Round "8.9"]
[White "Ringoir, Tanguy"]
[Black "Milanovic, Danilo"]
[Result "1/2-1/2"]
[WhiteElo "2401"]
[BlackElo "2507"]
[Annotator "Remi"]
[PlyCount "176"]
[EventDate "2010.04.10"]

1. e4 d5 2. exd5 Qxd5 3. Nf3 Nf6 4. d4 g6 5. c4 Qd8 6. Nc3 Bg7 7. Be2 O-O 8.
O-O c6 9. Re1 Na6 10. h3 Nc7 11. Be3 Bf5 12. Qb3 Qc8 13. Rac1 Ne4 14. Nxe4 Bxe4
15. Nd2 Bf5 16. d5 Ne8 17. dxc6 bxc6 18. Qa3 Qc7 19. Bf3 Nd6 20. Bf4 Rac8 21.
c5 Nb5 22. Bxc7 Nxa3 23. Be5 Nc2 24. Bxg7 Nxe1 25. Bxf8 Nxf3+ 26. Nxf3 Kxf8 27.
b4 Rb8 28. a3 f6 29. Nd4 Bd7 30. f4 Kf7 31. Kf2 a5 32. Rc4 axb4 33. Rxb4 Rxb4
34. axb4 e5 35. fxe5 fxe5 36. Ne2 Bc8 37. Nc3 Ba6 38. g4 Ke6 39. h4 Bc4 40. Ne4
h6 41. Nc3 h5 42. Kf3 Bd5+ 43. Kg3 Bh1 44. gxh5 gxh5 45. Nd1 Be4 46. Ne3 Bd3
47. Nd1 Kf5 48. Nc3 Bc4 49. Kf3 Bf1 50. Ne4 Bd3 51. Ng3+ Kg6 52. Ke3 Bf5 53.
Ne4 Kf7 54. b5 cxb5 55. Nd6+ Ke6 56. Nxb5 Kd5 57. Nc3+ Kxc5 58. Ne2 Kd5 59. Ng3
Bg6 60. Ne2 Bf7 61. Ng3 Ke6 62. Ke4 Be8 63. Ke3 Bg6 64. Kf3 Kd7 65. Ke3 Kc6 66.
Kf3 Kd5 67. Ne2 Be8 68. Ke3 Ke6 69. Ng3 Kf6 70. Ke4 Bc6+ 71. Ke3 Kg6 72. Kd3
Bf3 73. Ke3 Bg4 74. Ke4 Kf6 75. Ke3 Ke6 76. Ke4 Kd6 77. Nf1 Ke6 78. Ng3 Bd1 79.
Ke3 Kf6 80. Ke4 Bc2+ 81. Ke3 Bg6 82. Kf3 Ke6 83. Ke3 Kd5 84. Ne2 Bf7 85. Ng3
Be8 86. Nf5 Ba4 87. Ng3 Bd1 88. Ne4 Ke6 1/2-1/2

[Event "XXVIIIe Open de Metz - A"]
[Site "Complexe Saint-Symphorien"]
[Date "2010.04.15"]
[Round "8.10"]
[White "Drenchev, Petar"]
[Black "Donchenko, Anatoly"]
[Result "1-0"]
[WhiteElo "2486"]
[BlackElo "2395"]
[Annotator "Remi"]
[PlyCount "123"]
[EventDate "2010.04.10"]

1. Nf3 Nf6 2. c4 e6 3. g3 b6 4. Bg2 Bb7 5. O-O Be7 6. Nc3 O-O 7. d4 Ne4 8. Bd2
g6 9. Rc1 Nxc3 10. Bxc3 d6 11. d5 e5 12. e4 Nd7 13. Ne1 Bf6 14. Nd3 Nc5 15. b4
Nxd3 16. Qxd3 a5 17. bxa5 bxa5 18. Rfd1 a4 19. Bb4 Be7 20. c5 f5 21. Rc2 Rf7
22. Qa3 Bc8 23. cxd6 cxd6 24. Rc6 Rf6 25. f4 Bf8 26. fxe5 dxe5 27. Rxf6 Qxf6
28. Bxf8 Qxf8 29. d6 Bb7 30. Qb2 Bxe4 31. Bxe4 fxe4 32. Qxe5 Re8 33. Qd5+ Qf7
34. Qxf7+ Kxf7 35. Kf2 Rf8 36. Ke3 Ke8 37. d7+ Kd8 38. Rd2 h5 39. Kxe4 Rf5 40.
a3 Rb5 41. Rd3 g5 42. h3 g4 43. hxg4 hxg4 44. Kf4 Rb3 45. Rd4 Rxa3 46. Kxg4 Ra1
47. Kg5 a3 48. g4 Rg1 49. Ra4 Rg3 50. Ra7 Ke7 51. Kf5 Rf3+ 52. Kg6 Rf6+ 53. Kh5
Rf3 54. g5 Rg3 55. Kh6 Rh3+ 56. Kg7 Rg3 57. g6 Rh3 58. Kg8 Rg3 59. g7 Rh3 60.
d8=Q+ Kxd8 61. Kf7 Rf3+ 62. Ke6 1-0

[Event "XXVIIIe Open de Metz - A"]
[Site "Complexe Saint-Symphorien"]
[Date "2010.04.16"]
[Round "9.1"]
[White "Feller, Sebastien"]
[Black "Abbasov, Farid"]
[Result "1/2-1/2"]
[WhiteElo "2576"]
[BlackElo "2549"]
[Annotator "Remi"]
[PlyCount "94"]
[EventDate "2010.04.10"]

1. d4 Nf6 2. c4 g6 3. Nc3 Bg7 4. e4 d6 5. Nf3 O-O 6. Be2 e5 7. O-O Nc6 8. d5
Ne7 9. Ne1 Ne8 10. Nd3 f5 11. Bd2 Nf6 12. f3 f4 13. c5 g5 14. cxd6 cxd6 15. Nf2
Ng6 16. Qc2 Rf7 17. Rfc1 a6 18. a4 h5 19. h3 Bf8 20. a5 Bd7 21. Na4 Rc8 22. Qb3
Rxc1+ 23. Rxc1 g4 24. fxg4 hxg4 25. hxg4 Nh7 26. Nb6 Ng5 27. Nxd7 Qxd7 28. Kf1
Nh4 29. Bf3 Rh7 30. Ke1 Qb5 31. Qxb5 Nhxf3+ 32. gxf3 Nxf3+ 33. Ke2 Nd4+ 34. Kf1
Nxb5 35. Bb4 Rc7 36. Rxc7 Nxc7 37. Kg2 Kf7 38. Nd3 Be7 39. Kf3 Ne8 40. b3 Nf6
41. Bc3 Nd7 42. Bb4 Nf6 43. g5 Nh7 44. Kg4 Nxg5 45. Bxd6 Bxd6 46. Kxg5 Ke7 47.
Kf5 Kf7 1/2-1/2

[Event "XXVIIIe Open de Metz - A"]
[Site "Complexe Saint-Symphorien"]
[Date "2010.04.16"]
[Round "9.2"]
[White "Sokolov, Andrei"]
[Black "Leon Hoyos, Manuel"]
[Result "1-0"]
[WhiteElo "2563"]
[BlackElo "2521"]
[Annotator "Remi"]
[PlyCount "77"]
[EventDate "2010.04.10"]

1. e4 c5 2. Nf3 Nc6 3. d4 cxd4 4. Nxd4 Nf6 5. Nc3 d6 6. Bc4 e6 7. Be3 a6 8. Bb3
Qc7 9. f4 b5 10. f5 Nxd4 11. Bxd4 b4 12. Bxf6 gxf6 13. Ne2 Qc5 14. Qd4 Ke7 15.
Rf1 Bd7 16. a3 Rb8 17. fxe6 Qxd4 18. Nxd4 fxe6 19. Bxe6 bxa3 20. Bxd7 Kxd7 21.
Rxa3 Rg8 22. Rxa6 Rg4 23. Ra7+ Ke8 24. Kd2 d5 25. Rxh7 Rb4 26. Nf5 Rxg2+ 27.
Kc1 Rxe4 28. h4 Bc5 29. Rc7 Rc4 30. Ng7+ Kd8 31. Ne6+ Ke8 32. c3 Be3+ 33. Kb1
Rxh4 34. Rxf6 Rf2 35. Ng7+ Kd8 36. Ne6+ Ke8 37. Rg6 Bh6 38. Rg8+ Bf8 39. Nxf8
1-0

[Event "XXVIIIe Open de Metz - A"]
[Site "Complexe Saint-Symphorien"]
[Date "2010.04.16"]
[Round "9.3"]
[White "Burmakin, Vladimir"]
[Black "Bauer, Christian"]
[Result "1/2-1/2"]
[WhiteElo "2604"]
[BlackElo "2607"]
[Annotator "Remi"]
[PlyCount "60"]
[EventDate "2010.04.10"]

1. Nf3 c5 2. g3 Nc6 3. Bg2 g6 4. c4 Bg7 5. O-O e6 6. Nc3 Nge7 7. b3 O-O 8. Bb2
d5 9. cxd5 exd5 10. Na4 Bxb2 11. Nxb2 Nf5 12. d3 Re8 13. e4 Nfd4 14. Nxd4 Nxd4
15. Re1 h5 16. Na4 b6 17. Nc3 Bb7 18. Rc1 dxe4 19. dxe4 Qd7 20. Re3 Rad8 21.
Qe1 h4 22. gxh4 Qg4 23. h5 Qxh5 24. f4 Kg7 25. Qf2 Rh8 26. h3 Qh4 27. Rg3 Kf8
28. Re1 Rd7 29. Kh2 Rh5 30. Rd1 Bc6 1/2-1/2

[Event "XXVIIIe Open de Metz - A"]
[Site "Complexe Saint-Symphorien"]
[Date "2010.04.16"]
[Round "9.4"]
[White "Zubarev, Alexander"]
[Black "Spraggett, Kevin"]
[Result "1/2-1/2"]
[WhiteElo "2536"]
[BlackElo "2580"]
[Annotator "Remi"]
[PlyCount "49"]
[EventDate "2010.04.10"]

1. e4 Nf6 2. e5 Nd5 3. d4 d6 4. Nf3 dxe5 5. Nxe5 g6 6. Bc4 c6 7. Nd2 Bg7 8.
Ndf3 O-O 9. O-O Nd7 10. Nd3 b6 11. Re1 Bb7 12. Bg5 N7f6 13. Qe2 e6 14. Rad1 Qc7
15. Bb3 Rac8 16. c4 Ne7 17. Bf4 Qd8 18. h3 Nf5 19. g4 Nd6 20. Nde5 Ba6 21. Qc2
Bb7 22. Qe2 Ba6 23. Qc2 Bb7 24. Qe2 Ba6 25. Qc2 1/2-1/2

[Event "XXVIIIe Open de Metz - A"]
[Site "Complexe Saint-Symphorien"]
[Date "2010.04.16"]
[Round "9.5"]
[White "Nijboer, Friso"]
[Black "Sengupta, Deep"]
[Result "1-0"]
[WhiteElo "2562"]
[BlackElo "2496"]
[Annotator "Remi"]
[PlyCount "117"]
[EventDate "2010.04.10"]

1. e4 e6 2. d4 d5 3. Nc3 Bb4 4. e5 c5 5. a3 Bxc3+ 6. bxc3 Qc7 7. Nf3 b6 8. Bb5+
Bd7 9. Bd3 Ba4 10. O-O c4 11. Be2 Nc6 12. g3 O-O-O 13. Nh4 Kb7 14. f4 g6 15.
Be3 Nge7 16. Nf3 Rdf8 17. Bf2 h6 18. Re1 Rhg8 19. Bf1 Rg7 20. Bg2 Nc8 21. Qd2
a6 22. g4 Rgg8 23. Bh4 Nb8 24. Rf1 Ka7 25. Kh1 Nd7 26. f5 Nb8 27. Bg3 Ne7 28.
f6 Nec6 29. Bf4 g5 30. Be3 Rc8 31. h4 gxh4 32. Bh3 Rh8 33. Rac1 h5 34. g5 Rcg8
35. Nxh4 Nd8 36. g6 fxg6 37. Bh6 g5 38. Bxg5 Qh7 39. Bf4 Nd7 40. Nf3 Nf8 41.
Ng5 Qb7 42. Be3 Be8 43. Kh2 Bg6 44. Rg1 Qd7 45. Rg2 Nf7 46. Nxf7 Bxf7 47. Rg7
a5 48. Rcg1 Qe8 49. Qc1 Nd7 50. a4 Rxg7 51. fxg7 Rg8 52. Qa3 Nb8 53. Bh6 Nc6
54. Qf8 Nd8 55. Rf1 b5 56. axb5 a4 57. Qc5+ Kb8 58. Qd6+ Kb7 59. Bg5 1-0

[Event "XXVIIIe Open de Metz - A"]
[Site "Complexe Saint-Symphorien"]
[Date "2010.04.16"]
[Round "9.6"]
[White "Benitah, Yohan"]
[Black "Eingorn, Vereslav S"]
[Result "0-1"]
[WhiteElo "2377"]
[BlackElo "2560"]
[Annotator "Remi"]
[PlyCount "90"]
[EventDate "2010.04.10"]

1. d4 e6 2. c4 Bb4+ 3. Nc3 c5 4. e3 Nc6 5. Nge2 d5 6. cxd5 exd5 7. dxc5 Nf6 8.
a3 Bxc5 9. b4 Bb6 10. Bb2 O-O 11. Na4 Bc7 12. Ng3 d4 13. exd4 Re8+ 14. Be2 h5
15. O-O h4 16. Nh5 Nd5 17. Bf3 Nce7 18. Re1 Bf5 19. g3 Qd6 20. Nc5 b6 21. Na6
Rac8 22. Nxc7 Qxc7 23. Rc1 Qd7 24. Qd2 Ng6 25. Rxe8+ Rxe8 26. Qg5 h3 27. g4 Be4
28. Be2 f6 29. Qd2 Nh4 30. Ng3 Bf3 31. Bc4 Bg2 32. Rc3 Kh8 33. Rb3 Qxg4 34. Be2
Bf3 35. Bb5 Bd1 36. Bxe8 Bxb3 37. Qe2 Nf3+ 38. Kh1 Nf4 39. Qe7 Bd5 40. Bh5 Ng5+
41. Kg1 Nf3+ 42. Kh1 Nxd4+ 43. Kg1 Nf3+ 44. Kh1 Ne5+ 45. Kg1 Ne2+ 0-1

[Event "XXVIIIe Open de Metz - A"]
[Site "Complexe Saint-Symphorien"]
[Date "2010.04.16"]
[Round "9.8"]
[White "Brodsky, Michail"]
[Black "Drenchev, Petar"]
[Result "1-0"]
[WhiteElo "2527"]
[BlackElo "2486"]
[Annotator "Remi"]
[PlyCount "93"]
[EventDate "2010.04.10"]

1. d4 Nf6 2. c4 e6 3. Nc3 Bb4 4. g3 c5 5. Nf3 Ne4 6. Qd3 Qa5 7. Qxe4 Bxc3+ 8.
Bd2 Bxd2+ 9. Nxd2 O-O 10. dxc5 Na6 11. Qe3 Qxc5 12. Qxc5 Nxc5 13. Bg2 a5 14.
Nb3 d6 15. Nxc5 dxc5 16. O-O-O Re8 17. Rd6 Kf8 18. Rhd1 Rb8 19. Kc2 Ke7 20. Kc3
g5 21. R1d2 f6 22. e3 h6 23. f4 gxf4 24. exf4 h5 25. Bf3 Rh8 26. R6d3 f5 27. h4
Ra8 28. Bxb7 Bxb7 29. Rd7+ Kf6 30. Rxb7 Rhg8 31. Rd3 Rg4 32. Kb3 Rag8 33. Ka4
Rxg3 34. Rxg3 Rxg3 35. Kxa5 Rg4 36. Kb5 Rxf4 37. Kxc5 Rf1 38. Rb3 f4 39. Kb6 e5
40. c5 e4 41. c6 Rg1 42. c7 Rg8 43. Kc6 e3 44. Rb8 Rg1 45. Rb6 Rc1+ 46. Kd7+
Kg7 47. Re6 1-0

[Event "XXVIIIe Open de Metz - A"]
[Site "Complexe Saint-Symphorien"]
[Date "2010.04.16"]
[Round "9.9"]
[White "Prasanna, Rao"]
[Black "Spirin, Oleg"]
[Result "0-1"]
[WhiteElo "2306"]
[BlackElo "2449"]
[Annotator "Remi"]
[PlyCount "132"]
[EventDate "2010.04.10"]

1. e4 c5 2. Nf3 d6 3. d4 cxd4 4. Nxd4 Nf6 5. Nc3 a6 6. Be2 e6 7. Be3 Qc7 8. f4
Be7 9. O-O O-O 10. Qe1 b5 11. e5 dxe5 12. fxe5 Nfd7 13. Bf3 Bb7 14. Qg3 Bc5 15.
Ne4 Bxd4 16. Bxd4 Nc6 17. c3 Nxd4 18. cxd4 Bxe4 19. Bxe4 Rac8 20. Rad1 f5 21.
Bf3 Nb6 22. d5 Nxd5 23. Bxd5 Qc5+ 24. Kh1 exd5 25. Qd3 g6 26. Qxd5+ Qxd5 27.
Rxd5 Rfd8 28. Rxd8+ Rxd8 29. h3 Rd5 30. Re1 Kf7 31. Re3 b4 32. a3 a5 33. axb4
axb4 34. Rb3 Rd4 35. Kh2 Ke6 36. Re3 Rd5 37. Rb3 Rb5 38. Rd3 Rd5 39. Rb3 Rd4
40. Re3 Re4 41. Rd3 Kxe5 42. Rd7 h5 43. Rb7 h4 44. Rb8 Kf4 45. Rb6 g5 46. Rb5
Rd4 47. Rc5 g4 48. hxg4 fxg4 49. Rc8 h3 50. Rf8+ Ke3 51. gxh3 gxh3 52. Kxh3 Rd2
53. Kg3 Rxb2 54. Re8+ Kd3 55. Kf3 Rd2 56. Rd8+ Kc3 57. Rc8+ Kb2 58. Ke3 Rd7 59.
Ke2 b3 60. Rb8 Kc2 61. Rc8+ Kb1 62. Rb8 b2 63. Rb6 Rd5 64. Rb8 Kc2 65. Rc8+ Kb3
66. Rb8+ Kc3 0-1

[Event "XXVIIIe Open de Metz - A"]
[Site "Complexe Saint-Symphorien"]
[Date "2010.04.16"]
[Round "9.10"]
[White "Corrales Jimenez, Fidel"]
[Black "Ringoir, Tanguy"]
[Result "1-0"]
[WhiteElo "2585"]
[BlackElo "2401"]
[Annotator "Remi"]
[PlyCount "111"]
[EventDate "2010.04.10"]

1. e4 c6 2. d4 d5 3. Nc3 dxe4 4. Nxe4 Bf5 5. Ng3 Bg6 6. h4 h6 7. Nf3 Nd7 8. h5
Bh7 9. Bd3 Bxd3 10. Qxd3 e6 11. Bf4 Qa5+ 12. Bd2 Bb4 13. c3 Be7 14. c4 Qc7 15.
O-O-O Ngf6 16. Ne4 Rd8 17. Nxf6+ Nxf6 18. Qe2 b5 19. Kb1 bxc4 20. Rc1 O-O 21.
Rxc4 Rd5 22. Rhc1 Qb7 23. Rxc6 Ba3 24. R6c2 Rb5 25. Be1 Nd5 26. g3 Bb4 27. Rc4
a5 28. Rc8 a4 29. Rxf8+ Bxf8 30. Ne5 Nf6 31. Rc2 Rb6 32. Qf3 Qa6 33. g4 Rd6 34.
Bc3 Rd5 35. Qe2 Qb7 36. Qc4 Bd6 37. Qxa4 Bxe5 38. dxe5 Ne4 39. Bd4 Rd7 40. a3
Ng5 41. Qc4 Rd8 42. Bc3 Qh1+ 43. Ka2 Nh3 44. f4 Qd1 45. Ba5 Ra8 46. Qe4 Rb8 47.
f5 Ng5 48. Qc4 exf5 49. gxf5 Qxh5 50. Qc7 Re8 51. Qd7 Rxe5 52. Rc8+ Kh7 53. Bc3
Nf3 54. Bxe5 Nxe5 55. Qc7 Qxf5 56. Qc2 1-0

[Event "XXVIIIe Open de Metz - A"]
[Site "Complexe Saint-Symphorien"]
[Date "2010.04.16"]
[Round "9.22"]
[White "Lagarde, Maxime"]
[Black "Achereiner, Guillaume"]
[Result "1/2-1/2"]
[WhiteElo "2412"]
[BlackElo "1996"]
[Annotator "Antares"]
[PlyCount "109"]
[EventDate "2010.04.10"]

1. e4 c5 2. Nf3 Nc6 3. d4 cxd4 4. Nxd4 Nf6 5. Nc3 e5 6. Ndb5 d6 7. Bg5 a6 8.
Na3 b5 9. Nd5 Be7 10. Bxf6 Bxf6 11. c4 b4 12. Nc2 a5 13. Qf3 Be6 14. Rd1 Bxd5
15. Rxd5 Ne7 16. Rd1 Qc7 17. Qd3 Rd8 18. c5 Qxc5 19. Qb5+ Qxb5 20. Bxb5+ Kf8
21. Ne3 g6 22. Ke2 Kg7 23. h4 h5 24. Rd3 Rb8 25. Ba4 Nc8 26. Nc4 Nb6 27. Nxb6
Rxb6 28. Rc1 Bxh4 29. Rc7 Rhb8 30. Ra7 Bd8 31. Rxa5 b3 32. a3 Rc8 33. Ra7 Rc2+
34. Rd2 Rc4 35. Kd3 Rd4+ 36. Kc3 Rxe4 37. Bxb3 Rc6+ 38. Kd3 Rf4 39. Ra4 Rxa4
40. Bxa4 Rc1 41. Rd1 Rxd1+ 42. Bxd1 d5 43. Bb3 e4+ 44. Kd4 Bf6+ 45. Kxd5 Bxb2
46. a4 Bc3 47. Kxe4 f5+ 48. Kd3 Be1 49. Ke2 Ba5 50. g3 g5 51. Be6 Kf6 52. Bd7
g4 53. f4 gxf3+ 54. Kxf3 Kg5 55. Bb5 1/2-1/2